Word Ladder: Still & Quiet Music Quiz Stats

 Plays Quiz Updated Oct 11, 2017

Challenge
Share
Tweet
Embed
Score 0/19 Timer 02:00
0 Plays Today
Clue 4-Letter Word % Correct
Talk to GodPRAY
94.4%
Top medal metalGOLD
94.3%
Kidney, lima, or navy, e.g.BEAN
92.1%
[Rung 7][Rung 13]: British band with hits 'Fix You' and 'Yellow'--COLD--
91.2%
[Rung 13][Rung 19]: Lie still and quiet, like a possum, especially to avoid danger--PLAY--
90.4%
Sculptor's mediumCLAY
89.6%
Musicians Cozy or Nat, e.g.COLE
88.7%
Mimic a donkeyBRAY
88.2%
Cereal grainBRAN
87.6%
Egg onGOAD
86.3%
Clue 4-Letter Word % Correct
HappyGLAD
86%
DressedCLAD
83.2%
Campus bigshotDEAN
82.4%
Double agent, maybeMOLE
78.1%
Multicellular American fungus MOLD
77.2%
With 'up,' robbedHELD
76.4%
Matching cards, in ginMELD
68.1%
[Rung 19][Rung 1]: Fan of a 70s band who had hits 'Sugar Magnolia' and 'Touch of Grey'--DEAD--
62%
[Rung 1][Rung 7]: Congestion that makes you want to lie still and quiet--HEAD--
61.2%

Today's Daily Dose

Missing Word
Britpop Albums

Word Ladder
Sing It!

On This Day
December 14th II

You're not logged in!

Compare scores with friends on all Sporcle quizzes.
OR
Log In

You Might Also Like...

Show Comments

Extras

Top Quizzes Today


Score Distribution

Your Account Isn't Verified!

In order to create a playlist on Sporcle, you need to verify the email address you used during registration. Go to your Sporcle Settings to finish the process.

Report this User

Report this user for behavior that violates our Community Guidelines.

Details: